Managing Government Compensation and Employment : Institutions, Policies, and Reform Challenges.

Government compensation and employment policies are important for the efficient delivery of public services which are crucial for the functioning of economies and the general prosperity of societies. On average, spending on the wage bill absorbs around one-fifth of total spending. Cross-country vari...

תיאור מלא

מידע ביבליוגרפי
מחבר תאגידי: International Monetary Fund
פורמט: כתב-עת
שפה:English
יצא לאור: Washington, D.C. : International Monetary Fund, 2016.
סדרה:Policy Papers; Policy Paper ; No. 2016/047
גישה מקוונת:Full text available on IMF
LEADER 01551cas a2200241 a 4500
001 AALejournalIMF020644
008 230101c9999 xx r poo 0 0eng d
020 |c 5.00 USD 
020 |z 9781498345774 
022 |a 2663-3493 
040 |a BD-DhAAL  |c BD-DhAAL 
110 2 |a International Monetary Fund. 
245 1 0 |a Managing Government Compensation and Employment :   |b Institutions, Policies, and Reform Challenges. 
264 1 |a Washington, D.C. :  |b International Monetary Fund,  |c 2016. 
300 |a 1 online resource (47 pages) 
490 1 |a Policy Papers 
500 |a <strong>Off-Campus Access:</strong> No User ID or Password Required 
500 |a <strong>On-Campus Access:</strong> No User ID or Password Required 
506 |a Electronic access restricted to authorized BRAC University faculty, staff and students 
520 3 |a Government compensation and employment policies are important for the efficient delivery of public services which are crucial for the functioning of economies and the general prosperity of societies. On average, spending on the wage bill absorbs around one-fifth of total spending. Cross-country variation in wage spending reflects, in part, national choices about the government's role in priority sectors, as well as variations in the level of economic development and resource constraints. 
538 |a Mode of access: Internet 
830 0 |a Policy Papers; Policy Paper ;  |v No. 2016/047 
856 4 0 |z Full text available on IMF  |u http://elibrary.imf.org/view/journals/007/2016/047/007.2016.issue-047-en.xml  |z IMF e-Library